[Event "Biel ATO 57th"]
[Site "Biel"]
[Date "2024.07.25"]
[Round "9"]
[White "Kim, Yejun"]
[Black "Meshach, Felix"]
[Result "0-1"]
[WhiteElo "1711"]
[BlackElo "1773"]
[PlyCount "110"]
[EventDate "2024.07.16"]
[EventType "swiss"]
[EventRounds "9"]
[EventCountry "SUI"]
[SourceTitle "EXT 2025"]
[Source "ChessBase"]
[SourceDate "2024.10.14"]
[SourceVersion "1"]
[SourceVersionDate "2024.10.14"]
[SourceQuality "1"]

1. e4 c5 2. Nf3 Nc6 3. d4 cxd4 4. Nxd4 g6 5. c4 Bg7 6. Be3 Nf6 7. Nc3 d6 8. Be2 0-0 9. 0-0 Nd7 10. h3 Nxd4 11. Bxd4 b6 12. Bxg7 Kxg7 13. Qd4+ Kg8 14. b4 Ba6 15. f4 Rc8 16. Rad1 Nb8 17. b5 Bb7 18. Bg4 e6 19. f5 e5 20. Qe3 Rxc4 21. f6 Kh8 22. Qh6 Rg8 23. Rf5 Rxc3 24. Rh5 gxh5 25. Bf5 Rxg2+ 26. Kxg2 Qg8+ 27. Qg7+ Qxg7+ 28. fxg7+ Kxg7 29. Rxd6 Bc8 30. Rd8 Bxf5 31. exf5 Nc6 32. bxc6 Rxc6 33. Re8 Rc2+ 34. Kf3 Rxa2 35. Rxe5 Ra5 36. Re3 Rxf5+ 37. Ke4 Rf6 38. Ra3 a5 39. Ke5 Re6+ 40. Kf5 h6 41. Rg3+ Rg6 42. Rd3 Rg5+ 43. Ke4 Rb5 44. Kd4 Rb4+ 45. Kc3 f5 46. Rd5 Kf6 47. Rd8 Kg5 48. Rd5 Kf4 49. Rd6 Kg3 50. Rd3+ Kg2 51. Rd5 f4 52. Rxh5 f3 53. Rxh6 f2 54. Rg6+ Kxh3 55. Rf6 Kg2 0-1

[Event "Biel ATO 57th"]
[Site "Biel"]
[Date "2024.07.24"]
[Round "8"]
[White "Meshach, Felix"]
[Black "Jud, Marc"]
[Result "0-1"]
[WhiteElo "1773"]
[BlackElo "1925"]
[PlyCount "58"]
[EventDate "2024.07.16"]
[EventType "swiss"]
[EventRounds "9"]
[EventCountry "SUI"]
[SourceTitle "EXT 2025"]
[Source "ChessBase"]
[SourceDate "2024.10.14"]
[SourceVersion "1"]
[SourceVersionDate "2024.10.14"]
[SourceQuality "1"]

1. e4 c5 2. Nc3 d6 3. f4 Nc6 4. Nf3 e6 5. Bc4 Nf6 6. Bb3 Be7 7. d3 a6 8. a4 Qc7 9. 0-0 b6 10. f5 exf5 11. Ng5 Ne5 12. Nd5 Nxd5 13. Bxd5 Bb7 14. Bxb7 Qxb7 15. Rxf5 Bxg5 16. Rxg5 f6 17. Rg3 0-0-0 18. Bf4 h5 19. Bxe5 dxe5 20. Qe2 Qd7 21. Qe3 Rhg8 22. Rh3 Rh8 23. Rg3 a5 24. b4 axb4 25. a5 Qa7 26. Rxg7 Qxg7 27. axb6 Qf8 28. Ra5 Kb7 29. Rxc5 Rd4 0-1

[Event "Biel ATO 57th"]
[Site "Biel"]
[Date "2024.07.20"]
[Round "5"]
[White "Meshach, Felix"]
[Black "Kuenzli, Simon"]
[Result "1-0"]
[WhiteElo "1773"]
[BlackElo "1919"]
[PlyCount "31"]
[EventDate "2024.07.16"]
[EventType "swiss"]
[EventRounds "9"]
[EventCountry "SUI"]
[SourceTitle "EXT 2025"]
[Source "ChessBase"]
[SourceDate "2024.10.14"]
[SourceVersion "1"]
[SourceVersionDate "2024.10.14"]
[SourceQuality "1"]

1. e4 c6 2. d4 d5 3. f3 dxe4 4. fxe4 e5 5. Nf3 exd4 6. Bc4 Nf6 7. 0-0 Be6 8. Bxe6 fxe6 9. e5 Nfd7 10. Ng5 Qb6 11. Nxe6 c5 12. Qg4 Nc6 13. Bg5 Ncxe5 14. Nc7+ Qxc7 15. Qe6+ Be7 16. Qxe7# 1-0

[Event "Biel ATO 57th"]
[Site "Biel"]
[Date "2024.07.18"]
[Round "3"]
[White "Kalbermatter, Philipp"]
[Black "Meshach, Felix"]
[Result "1/2-1/2"]
[WhiteElo "1912"]
[BlackElo "1773"]
[PlyCount "76"]
[EventDate "2024.07.16"]
[EventType "swiss"]
[EventRounds "9"]
[EventCountry "SUI"]
[SourceTitle "EXT 2025"]
[Source "ChessBase"]
[SourceDate "2024.10.14"]
[SourceVersion "1"]
[SourceVersionDate "2024.10.14"]
[SourceQuality "1"]

1. e4 c5 2. Nf3 Nc6 3. d4 cxd4 4. Nxd4 Nf6 5. Nc3 e5 6. Ndb5 d6 7. Bg5 a6 8. Na3 b5 9. Nd5 Be7 10. Nxe7 Nxe7 11. Bd3 Be6 12. 0-0 d5 13. exd5 Bxd5 14. Bxf6 gxf6 15. c4 bxc4 16. Bxc4 Rg8 17. Bxd5 Nxd5 18. Qa4+ Kf8 19. Rad1 Ra7 20. Qe4 Rd7 21. Nc4 Rg6 22. g3 Nf4 23. Ne3 Nh3+ 24. Kg2 Ng5 25. Qb4+ Kg8 26. Qb7 Rxd1 27. Rxd1 Qe8 28. Nf5 Ne6 29. Ne7+ Kg7 30. Nxg6 hxg6 31. Qd7 Qb8 32. Rd2 Nd4 33. Rxd4 exd4 34. Qxd4 Qb5 35. b4 Qc6+ 36. Kg1 Qc1+ 37. Kg2 Qc6+ 38. Kg1 Qc1+ 1/2-1/2

[Event "Biel op-B 56th"]
[Site "Biel"]
[Date "2023.07.17"]
[Round "1"]
[White "Meshach, Felix"]
[Black "Wipf, Armin"]
[Result "1-0"]
[WhiteElo "1680"]
[BlackElo "1425"]
[PlyCount "33"]
[EventDate "2023.07.17"]
[EventType "swiss"]
[EventRounds "9"]
[EventCountry "SUI"]
[SourceTitle "EXT 2024"]
[Source "ChessBase"]
[SourceDate "2023.10.10"]
[SourceVersion "1"]
[SourceVersionDate "2023.10.10"]
[SourceQuality "1"]

1. e4 d5 2. exd5 Nf6 3. d4 Qxd5 4. Nf3 e6 5. Bd3 Be7 6. c4 Qd6 7. Nc3 a6 8. 0-0 b6 9. Ne4 Nxe4 10. Bxe4 c6 11. Qb3 Nd7 12. Be3 Nf6 13. Bc2 Qc7 14. Ne5 0-0 15. Bf4 Bb7 16. Qh3 Rad8 17. Ng4 1-0